Normal view
MARC view
Entry Topical Term
001 - CONTROL NUMBER
- control field: 78235
003 - CONTROL NUMBER IDENTIFIER
- control field: OSt
005 - DATE AND TIME OF LATEST TRANSACTION
- control field: 20200215132232.0
008 - FIXED-LENGTH DATA ELEMENTS
- fixed length control field: 200215|| aca||aabn | a|a d
040 ## - CATALOGING SOURCE
- Original cataloging agency: OSt
- Transcribing agency: OSt
150 ## - HEADING--TOPICAL TERM
- Topical term or geographic name entry element: मिलेट्री साइन्स
670 ## - SOURCE DATA FOUND
- Source citation: Work cat.: (OSt): कुमार जितेन्द्र 78234, राष्ट्रीय सुरक्षा मे विज्ञान एवं प्रौद्योगिकी की भूमिका, 2018









